VOGEL'S TEXTBOOK OF ORGANIC CHEMISTRY (Record no. 8080)

MARC details
000 -LEADER
fixed length control field 00484nam a22001817a 4500
005 - DATE AND TIME OF LATEST TRANSACTION
control field 20230118104646.0
008 - FIXED-LENGTH DATA ELEMENTS--GENERAL INFORMATION
fixed length control field 221217b |||||||| |||| 00| 0 eng d
020 ## - INTERNATIONAL STANDARD BOOK NUMBER
ISBN 978-81-775-8957-3
041 ## - LANGUAGE CODE
Language code of text/sound track or separate title eng
082 ## - DEWEY DECIMAL CLASSIFICATION NUMBER
Classification number 547 FUR-V
100 ## - MAIN ENTRY--AUTHOR NAME
Personal name FURNISS ,BRAINS .,HANNAFORD ANTONY J . AND OTHERS
245 ## - TITLE STATEMENT
Title VOGEL'S TEXTBOOK OF ORGANIC CHEMISTRY
250 ## - EDITION STATEMENT
Edition statement 5th ed.
260 ## - PUBLICATION, DISTRIBUTION, ETC. (IMPRINT)
Year of publication 2022
300 ## - PHYSICAL DESCRIPTION
Number of Pages 1514;P.
650 ## - SUBJECT ADDED ENTRY--TOPICAL TERM
Topical Term PHARMACY
General subdivision B.PHARMA & D.PHARMA
942 ## - ADDED ENTRY ELEMENTS (KOHA)
Koha item type Books
Holdings
Lost status Damaged status Collection code Home library Current library Shelving location Date acquired Source of acquisition Cost, normal purchase price Full call number Accession Number Koha item type
    PHARMACY JRU Library JRU Library SHELF-17-B 20/10/2022 LOHIA BOOK INTERNATIONAL 1500.00 547-FUR-V 26991 Books
    PHARMACY JRU Library JRU Library SHELF-17-B 20/10/2022 LOHIA BOOK INTERNATIONAL 1500.00 547-FUR-V 26992 Books
    PHARMACY JRU Library JRU Library SHELF-17-B 20/10/2022 LOHIA BOOK INTERNATIONAL 1500.00 547-FUR-V 26993 Books